000
00236 a2200097 4500
001
51484
100
_a
Casimar H
245
_a
Haphazard Reality Half a Century of Science
260
_a
New York
_b
Harper & Row
_c
090
_c
32608
_d
32608
942
_a
NUST-CAE
_c
M
_c
25123
999
_c
286557
_d
286557